[Event "CRO-chT1A 30th"]
[Site "Porec"]
[Date "2022.09.28"]
[Round "5.1"]
[White "Franic, Milan"]
[Black "Jovanic, Ognjen"]
[Result "1/2-1/2"]
[WhiteElo "2365"]
[BlackElo "2507"]
[PlyCount "53"]
[EventDate "2022.09.24"]
[EventType "team-tourn"]
[EventRounds "9"]
[EventCountry "CRO"]
[SourceTitle "CBM 210 Extra"]
[Source "ChessBase"]
[SourceDate "2022.11.30"]
[SourceVersion "1"]
[SourceVersionDate "2022.11.30"]
[SourceQuality "1"]
[WhiteTeam "Pula"]
[BlackTeam "Rijeka Liburnija"]
[WhiteTeamCountry "CRO"]
[BlackTeamCountry "CRO"]

1. d4 d5 2. Nf3 Nf6 3. e3 c5 4. dxc5 e6 5. a3 Bxc5 6. c4 0-0 7. b4 Be7 8. Bb2 b6 9. Nbd2 Bb7 10. Be2 Nbd7 11. 0-0 Rc8 12. Rc1 Rc7 13. Bd3 dxc4 14. Rxc4 Rxc4 15. Bxc4 Bd6 16. Qe2 Qb8 17. Rd1 Ne5 18. Nxe5 Bxe5 19. Nf1 Bxb2 20. Qxb2 Qc7 21. Be2 Rc8 22. f3 Nd5 23. Rd4 g6 24. Rc4 Qd8 25. Qd4 Rxc4 26. Bxc4 Qf6 27. Qxf6 1/2-1/2

[Event "CRO Cup"]
[Site "Vodice"]
[Date "2022.05.21"]
[Round "5.1"]
[White "Palac, Mladen"]
[Black "Jovanic, Ognjen"]
[Result "1-0"]
[WhiteElo "2505"]
[BlackElo "2509"]
[PlyCount "69"]
[EventDate "2022.05.18"]
[EventType "team-swiss"]
[EventRounds "6"]
[EventCountry "CRO"]
[SourceTitle "CBM 208 Extra"]
[Source "ChessBase"]
[SourceDate "2022.07.31"]
[SourceVersion "1"]
[SourceVersionDate "2022.07.31"]
[SourceQuality "1"]
[WhiteTeam "Zagreb Zagreb"]
[BlackTeam "Rijeka Liburnija"]
[WhiteTeamCountry "CRO"]
[BlackTeamCountry "CRO"]

1. e4 e5 2. Nf3 Nc6 3. Bb5 Nf6 4. d3 Bc5 5. c3 0-0 6. 0-0 d5 7. Nbd2 dxe4 8. dxe4 Qe7 9. b4 Bb6 10. a4 a5 11. Bxc6 bxc6 12. Ba3 Rd8 13. bxa5 Bc5 14. Bxc5 Qxc5 15. Nb3 Qe7 16. Qc2 Be6 17. c4 Nd7 18. Qc3 Rdb8 19. Rfc1 Rb4 20. Nfd2 c5 21. Rc2 Qd6 22. h3 Qc6 23. Rca2 h6 24. Nc1 Rxa5 25. Qc2 f6 26. Nd3 Rb8 27. Nb3 Ra7 28. f3 Rab7 29. Na5 Qd6 30. Nxb7 Qd4+ 31. Kh1 Bxc4 32. Nbxc5 Nxc5 33. Nxc5 Qxc5 34. Rc1 Rb4 35. Rb2 1-0

[Event "CRO Cup"]
[Site "Vodice"]
[Date "2022.05.18"]
[Round "1.1"]
[White "Dejanovic, Mladen"]
[Black "Jovanic, Ognjen"]
[Result "0-1"]
[WhiteElo "2050"]
[BlackElo "2509"]
[PlyCount "134"]
[EventDate "2022.05.18"]
[EventType "team-swiss"]
[EventRounds "6"]
[EventCountry "CRO"]
[SourceTitle "CBM 208 Extra"]
[Source "ChessBase"]
[SourceDate "2022.07.31"]
[SourceVersion "1"]
[SourceVersionDate "2022.07.31"]
[SourceQuality "1"]
[WhiteTeam "Busevec Polet"]
[BlackTeam "Rijeka Liburnija"]
[WhiteTeamCountry "CRO"]
[BlackTeamCountry "CRO"]

1. e4 c5 2. c3 Nf6 3. e5 Nd5 4. d4 cxd4 5. Nf3 d6 6. cxd4 Nc6 7. Bc4 Nb6 8. Bb5 Bd7 9. Qe2 dxe5 10. dxe5 g6 11. 0-0 Bg7 12. Nc3 0-0 13. Bf4 a6 14. Bd3 Bg4 15. Rad1 Qc7 16. Rfe1 Rad8 17. h3 Bxf3 18. gxf3 Nd5 19. Nxd5 Rxd5 20. Rc1 Ra5 21. a3 Qd7 22. e6 Qxe6 23. Be4 Nd4 24. Qf1 Qf6 25. Bg3 Rb5 26. b4 Nxf3+ 27. Bxf3 Qxf3 28. Re3 Qf6 29. Rc7 e6 30. Qg2 b6 31. Rb7 Qa1+ 32. Kh2 Be5 33. Bxe5 Rxe5 34. Qg3 Rb5 35. Qc7 Qf6 36. Kg2 Rf5 37. Qc2 Qd4 38. Rc7 Rd8 39. Rc8 Qd5+ 40. Kg1 Rg5+ 41. Rg3 Rxg3+ 42. fxg3 a5 43. bxa5 bxa5 44. Rxd8+ Qxd8 45. a4 Qd4+ 46. Kg2 e5 47. h4 h5 48. Qc6 e4 49. Qa8+ Kh7 50. Qxa5 Qb2+ 51. Kf1 Qb1+ 52. Qe1 Qd3+ 53. Qe2 Qd5 54. a5 Qxa5 55. Qxe4 Qf5+ 56. Qxf5 gxf5 57. Kf2 f4 58. gxf4 Kg6 59. Kg3 Kf6 60. Kf2 Ke6 61. Ke2 Kd5 62. Kd3 f5 63. Ke3 Kc4 64. Ke2 Kd4 65. Kd2 Ke4 66. Ke2 Kxf4 67. Kf2 Kg4 0-1

[Event "CRO-chT1A 29th"]
[Site "Mali Losinj"]
[Date "2021.09.30"]
[Round "6.3"]
[White "Mrkonjic, Nenad"]
[Black "Jovanic, Ognjen"]
[Result "1/2-1/2"]
[WhiteElo "2340"]
[BlackElo "2516"]
[PlyCount "90"]
[EventDate "2021.09.25"]
[EventType "team-tourn"]
[EventRounds "9"]
[EventCountry "CRO"]
[SourceTitle "CBM 204 Extra"]
[Source "ChessBase"]
[SourceDate "2021.11.30"]
[SourceVersion "1"]
[SourceVersionDate "2021.11.30"]
[SourceQuality "1"]
[WhiteTeam "Osijek Ferit"]
[BlackTeam "Rijeka Liburnija"]
[WhiteTeamCountry "CRO"]
[BlackTeamCountry "CRO"]

1. d4 Nf6 2. c4 e6 3. Nf3 Bb4+ 4. Nbd2 0-0 5. a3 Be7 6. e4 d6 7. Bd3 e5 8. b4 exd4 9. Nxd4 c5 10. N4f3 cxb4 11. axb4 Nc6 12. Qb3 a5 13. bxa5 Nd7 14. Qb1 Rxa5 15. Rxa5 Qxa5 16. 0-0 Qh5 17. Re1 Nc5 18. Ba3 Re8 19. Be2 Qg6 20. Bd3 Qh6 21. Bxc5 dxc5 22. e5 Rd8 23. Nf1 Nb4 24. Be4 Be6 25. Ne3 b6 26. Rd1 g6 27. Nd5 Qf8 28. Nxb6 f6 29. exf6 Bxf6 30. Nd5 Nxd5 31. cxd5 Bg4 32. Qd3 Bxf3 33. Bxf3 Bd4 34. g3 Rb8 35. Rd2 Qf5 36. Qxf5 gxf5 37. Be2 f4 38. Kg2 fxg3 39. hxg3 Kf7 40. f4 Rb2 41. Rxb2 Bxb2 42. Bd3 h6 43. Kf3 Bc3 44. g4 Kf6 45. Ke4 Ba5 1/2-1/2

[Event "CRO-chT1A 29th"]
[Site "Mali Losinj"]
[Date "2021.09.25"]
[Round "1.1"]
[White "Bozinovic, Bogdan"]
[Black "Jovanic, Ognjen"]
[Result "0-1"]
[WhiteElo "2185"]
[BlackElo "2516"]
[PlyCount "46"]
[EventDate "2021.09.25"]
[EventType "team-tourn"]
[EventRounds "9"]
[EventCountry "CRO"]
[SourceTitle "CBM 204 Extra"]
[Source "ChessBase"]
[SourceDate "2021.11.30"]
[SourceVersion "1"]
[SourceVersionDate "2021.11.30"]
[SourceQuality "1"]
[WhiteTeam "Sesvete Agroproteinka"]
[BlackTeam "Rijeka Liburnija"]
[WhiteTeamCountry "CRO"]
[BlackTeamCountry "CRO"]

1. d4 Nf6 2. c4 e6 3. Nc3 Bb4 4. Qc2 c5 5. dxc5 0-0 6. Nf3 Na6 7. a3 Bxc3+ 8. Qxc3 Nxc5 9. Bf4 Nce4 10. Qc2 d6 11. e3 e5 12. Bg3 Bf5 13. Qc1 Rc8 14. b3 b5 15. Qb2 Qb6 16. Rc1 bxc4 17. Rxc4 Nc5 18. Nd2 Nd3+ 19. Bxd3 Bxd3 20. Rc3 Ba6 21. Qc2 Rxc3 22. Qxc3 Rc8 23. Qa1 Qb5 0-1

[Event "Trieste op 22nd"]
[Site "Trieste"]
[Date "2020.08.31"]
[Round "4"]
[White "Mazi, Leon"]
[Black "Jovanic, Ognjen"]
[Result "1/2-1/2"]
[WhiteElo "2354"]
[BlackElo "2526"]
[PlyCount "96"]
[EventDate "2020.08.29"]
[EventType "swiss"]
[EventRounds "9"]
[EventCountry "ITA"]
[SourceTitle "CBM 198 Extra"]
[Source "ChessBase"]
[SourceDate "2020.11.30"]
[SourceVersion "1"]
[SourceVersionDate "2020.11.30"]
[SourceQuality "1"]

1. e4 e5 2. Nf3 Nf6 3. Nxe5 d6 4. Nf3 Nxe4 5. Qe2 Qe7 6. d3 Nf6 7. Bg5 Qxe2+ 8. Bxe2 Nbd7 9. Nc3 h6 10. Bd2 c6 11. 0-0-0 d5 12. Rde1 Nc5 13. Bd1+ Ne6 14. Ne5 Nd7 15. f4 Nxe5 16. Rxe5 Bd6 17. Ree1 Kf8 18. Rhf1 Bd7 19. Ne2 Re8 20. g3 h5 21. Ng1 Nc7 22. Bc3 Rxe1 23. Rxe1 f6 24. Nf3 Kf7 25. Nh4 g6 26. Bd2 Bg4 27. c3 Bxd1 28. Kxd1 Re8 29. Be3 c5 30. Kd2 b6 31. Rf1 f5 32. Nf3 Ne6 33. a4 Kf6 34. Re1 Re7 35. Kc2 Nd8 36. Bd2 Rxe1 37. Bxe1 Nc6 38. c4 d4 39. Bd2 Be7 40. h4 Ke6 41. Kb3 a5 42. Kc2 Bd8 43. Kd1 Be7 44. Ke2 Bd8 45. Kf2 Bf6 46. Ke2 Bd8 47. Kf2 Bf6 48. Ke2 Bd8 1/2-1/2

[Event "Trieste op 22nd"]
[Site "Trieste"]
[Date "2020.08.29"]
[Round "1"]
[White "Jovanic, Ognjen"]
[Black "Solmajer, Luka"]
[Result "1-0"]
[WhiteElo "2526"]
[BlackElo "2054"]
[PlyCount "135"]
[EventDate "2020.08.29"]
[EventType "swiss"]
[EventRounds "9"]
[EventCountry "ITA"]
[SourceTitle "CBM 198 Extra"]
[Source "ChessBase"]
[SourceDate "2020.11.30"]
[SourceVersion "1"]
[SourceVersionDate "2020.11.30"]
[SourceQuality "1"]

1. d4 d5 2. c4 c6 3. e3 Nf6 4. Nc3 e6 5. Nf3 Nbd7 6. Qc2 Bd6 7. b3 0-0 8. Be2 b6 9. 0-0 Bb7 10. Bb2 Rc8 11. Rad1 c5 12. cxd5 exd5 13. dxc5 bxc5 14. Rfe1 Qe7 15. g3 Rfd8 16. Qb1 Ne5 17. Nb5 Nxf3+ 18. Bxf3 Bb8 19. Bg2 a6 20. Nc3 Be5 21. Na4 Ne4 22. Nb6 Rb8 23. Bxe5 Qxe5 24. Bxe4 dxe4 25. Nd7 Rxd7 26. Rxd7 Bc6 27. Rd2 Bb5 28. Red1 Bd3 29. Rxd3 exd3 30. Qxd3 a5 31. Qd8+ Qe8 32. Qxa5 Rc8 33. Rd5 Qe7 34. Qa6 Qc7 35. Qd6 Qxd6 36. Rxd6 Kf8 37. Rd7 c4 38. bxc4 Rxc4 39. Rd4 Rc3 40. a4 Ra3 41. g4 g5 42. h3 Ke7 43. Rd5 h6 44. a5 Ra4 45. Kg2 Ke6 46. Rf5 Rb4 47. Kg3 f6 48. Rc5 Ra4 49. Rc7 h5 50. gxh5 Rxa5 51. f3 Ra4 52. Rc6+ Kf7 53. e4 Ra1 54. Rc7+ Ke6 55. h6 Rg1+ 56. Kf2 Ra1 57. h7 Ra8 58. Rg7 Rh8 59. h4 gxh4 60. f4 f5 61. e5 Kd5 62. Kf3 h3 63. Kg3 Ke4 64. e6 h2 65. Kxh2 Kxf4 66. e7 Kf3 67. Rg3+ Kf2 68. e8Q 1-0

[Event "CRO-ch"]
[Site "Vinkovci"]
[Date "2020.06.28"]
[Round "10"]
[White "Jovanic, Ognjen"]
[Black "Bosiocic, Marin"]
[Result "1/2-1/2"]
[WhiteElo "2524"]
[BlackElo "2625"]
[PlyCount "69"]
[EventDate "2020.06.19"]
[EventType "tourn"]
[EventRounds "11"]
[EventCountry "CRO"]
[EventCategory "12"]
[SourceTitle "CBM 197 Extra"]
[Source "ChessBase"]
[SourceDate "2020.09.30"]
[SourceVersion "1"]
[SourceVersionDate "2020.09.30"]
[SourceQuality "1"]

1. d4 Nf6 2. Bf4 g6 3. Nf3 d6 4. h3 Bg7 5. e3 0-0 6. Be2 c5 7. Nbd2 Be6 8. c4 cxd4 9. exd4 d5 10. c5 Nc6 11. 0-0 Ne4 12. Nb3 h6 13. Re1 g5 14. Bh2 Rc8 15. Rc1 f6 16. Bb5 Bf7 17. Nfd2 f5 18. Bxc6 Rxc6 19. Be5 Bxe5 20. dxe5 Qc8 21. Nxe4 fxe4 22. Qd4 Qc7 23. Nd2 Re6 24. f3 Qxe5 25. Qxe5 Rxe5 26. fxe4 dxe4 27. Nf3 Re6 28. Nd4 Ra6 29. Rxe4 Rxa2 30. Nf5 Rxb2 31. Rf1 e6 32. Nxh6+ Kg7 33. Nxf7 Rxf7 34. Rxe6 Rxf1+ 35. Kxf1 1/2-1/2

[Event "CRO-ch"]
[Site "Vinkovci"]
[Date "2020.06.25"]
[Round "7"]
[White "Brkic, Ante"]
[Black "Jovanic, Ognjen"]
[Result "1/2-1/2"]
[WhiteElo "2593"]
[BlackElo "2524"]
[PlyCount "62"]
[EventDate "2020.06.19"]
[EventType "tourn"]
[EventRounds "11"]
[EventCountry "CRO"]
[EventCategory "12"]
[SourceTitle "CBM 197 Extra"]
[Source "ChessBase"]
[SourceDate "2020.09.30"]
[SourceVersion "1"]
[SourceVersionDate "2020.09.30"]
[SourceQuality "1"]

1. e4 e5 2. Nf3 Nc6 3. Bb5 Nf6 4. d3 Bc5 5. c3 0-0 6. 0-0 d6 7. h3 Ne7 8. d4 Bb6 9. Re1 Ng6 10. Bd3 Re8 11. Nbd2 c6 12. Nf1 Bc7 13. Ng3 Be6 14. Be3 d5 15. exd5 Bxd5 16. Bxg6 hxg6 17. Nxe5 Bxe5 18. dxe5 Rxe5 19. Qd4 Re8 20. c4 Be6 21. Qc3 b5 22. b3 bxc4 23. bxc4 c5 24. Bxc5 Rc8 25. Bxa7 Rxc4 26. Qb2 Qc7 27. Be3 Rc2 28. Qd4 Rxa2 29. Rxa2 Bxa2 30. Rc1 Qb7 31. Qb6 Qxb6 1/2-1/2

[Event "CRO-ch"]
[Site "Vinkovci"]
[Date "2020.06.22"]
[Round "4"]
[White "Kovacevic, Blazimir"]
[Black "Jovanic, Ognjen"]
[Result "1/2-1/2"]
[WhiteElo "2410"]
[BlackElo "2524"]
[PlyCount "35"]
[EventDate "2020.06.19"]
[EventType "tourn"]
[EventRounds "11"]
[EventCountry "CRO"]
[EventCategory "12"]
[SourceTitle "CBM 197 Extra"]
[Source "ChessBase"]
[SourceDate "2020.09.30"]
[SourceVersion "1"]
[SourceVersionDate "2020.09.30"]
[SourceQuality "1"]

1. c4 Nf6 2. Nc3 e5 3. Nf3 Nc6 4. e3 Bb4 5. Qc2 Bxc3 6. Qxc3 Qe7 7. Be2 d5 8. d4 exd4 9. Nxd4 Nxd4 10. Qxd4 c5 11. Qh4 dxc4 12. Bxc4 0-0 13. 0-0 Be6 14. Be2 Nd5 15. Qxe7 Nxe7 16. Bd2 Rfd8 17. Rfd1 f6 18. b3 1/2-1/2

[Event "CRO-ch"]
[Site "Vinkovci"]
[Date "2020.06.20"]
[Round "2"]
[White "Palac, Mladen"]
[Black "Jovanic, Ognjen"]
[Result "1/2-1/2"]
[WhiteElo "2529"]
[BlackElo "2524"]
[PlyCount "66"]
[EventDate "2020.06.19"]
[EventType "tourn"]
[EventRounds "11"]
[EventCountry "CRO"]
[EventCategory "12"]
[SourceTitle "CBM 197 Extra"]
[Source "ChessBase"]
[SourceDate "2020.09.30"]
[SourceVersion "1"]
[SourceVersionDate "2020.09.30"]
[SourceQuality "1"]

1. e4 e5 2. Nf3 Nc6 3. Bb5 Nf6 4. d3 Bc5 5. 0-0 Nd4 6. Be3 Nxf3+ 7. Qxf3 Bxe3 8. Qxe3 0-0 9. Bc4 c6 10. Bb3 Re8 11. f4 d6 12. Nd2 Be6 13. Kh1 h6 14. Rae1 b6 15. Nf3 Rc8 16. fxe5 dxe5 17. Nh4 Bxb3 18. axb3 Re6 19. Nf5 c5 20. Rf3 Ne8 21. Ref1 Rcc6 22. Qf2 Rf6 23. h3 Kh7 24. Qg3 g6 25. Ne3 Rxf3 26. Rxf3 f6 27. Qh4 Rd6 28. Ng4 h5 29. Ne3 Ng7 30. g4 g5 31. Qf2 h4 32. Nd5 Kg6 33. c4 a5 1/2-1/2

[Event "CRO-chT1A 28th"]
[Site "Mali Losinj"]
[Date "2019.10.05"]
[Round "8.25"]
[White "Vujakovic, Branko"]
[Black "Jovanic, Ognjen"]
[Result "0-1"]
[WhiteElo "2325"]
[BlackElo "2532"]
[PlyCount "102"]
[EventDate "2019.09.28"]
[EventType "team-tourn"]
[EventRounds "9"]
[EventCountry "CRO"]
[SourceTitle "EXT 2020"]
[Source "ChessBase"]
[SourceDate "2019.10.17"]
[SourceVersion "1"]
[SourceVersionDate "2019.10.17"]
[SourceQuality "1"]
[WhiteTeam "Zagreb Hask Mladost"]
[BlackTeam "Rijeka Liburnija"]
[WhiteTeamCountry "CRO"]
[BlackTeamCountry "CRO"]

1. e4 e5 2. Nf3 Nc6 3. Bb5 Nf6 4. d4 exd4 5. 0-0 a6 6. Ba4 Be7 7. e5 Ne4 8. Nxd4 0-0 9. Nf5 d5 10. Bxc6 bxc6 11. Nxe7+ Qxe7 12. Re1 Re8 13. f3 Nc5 14. b3 Ne6 15. Ba3 Qh4 16. Nc3 Qd4+ 17. Qxd4 Nxd4 18. Rac1 Bf5 19. Bc5 Ne6 20. Bf2 h5 21. h3 g5 22. g4 Bg6 23. h4 Kg7 24. Kg2 Rh8 25. Rh1 hxg4 26. hxg5 gxf3+ 27. Kxf3 Rxh1 28. Rxh1 Bxc2 29. Rc1 Bf5 30. Ne2 Be4+ 31. Kg4 Rh8 32. Bg1 Bg6 33. Nd4 Rh1 34. Nxe6+ fxe6 35. Kg3 Bf5 36. Kf2 Kg6 37. Rxc6 Kxg5 38. Rxc7 Kf4 39. Ra7 Bd3 40. Rg7 Kxe5 41. Ke3 Bf5 42. Rg2 d4+ 43. Kf2 Rh3 44. Ke2 Kd5 45. Rg8 e5 46. Kd2 Rd3+ 47. Ke1 Rc3 48. Rd8+ Ke4 49. Kd2 Rg3 50. Bf2 Rd3+ 51. Kc2 Rh3 0-1

[Event "CRO-chT1A 28th"]
[Site "Mali Losinj"]
[Date "2019.10.04"]
[Round "7.55"]
[White "Jovanic, Ognjen"]
[Black "Mrkonjic, Nenad"]
[Result "1/2-1/2"]
[WhiteElo "2532"]
[BlackElo "2343"]
[PlyCount "92"]
[EventDate "2019.09.28"]
[EventType "team-tourn"]
[EventRounds "9"]
[EventCountry "CRO"]
[SourceTitle "EXT 2020"]
[Source "ChessBase"]
[SourceDate "2019.10.17"]
[SourceVersion "1"]
[SourceVersionDate "2019.10.17"]
[SourceQuality "1"]
[WhiteTeam "Rijeka Liburnija"]
[BlackTeam "Osijek Ferit"]
[WhiteTeamCountry "CRO"]
[BlackTeamCountry "CRO"]

1. d4 d5 2. c4 e6 3. Nc3 Nf6 4. cxd5 exd5 5. Bg5 c6 6. e3 Be7 7. Qc2 Bg4 8. Nge2 Bxe2 9. Bxe2 Ne4 10. Bf4 Ng5 11. Bd3 Ne6 12. Bg3 g6 13. f3 Bh4 14. 0-0-0 Nd7 15. Kb1 0-0 16. Bxh4 Qxh4 17. g3 Qf6 18. f4 Ng7 19. Qf2 Nf5 20. g4 Nd6 21. h4 Rfe8 22. g5 Qe6 23. Rde1 f5 24. h5 Nf8 25. Rh3 Re7 26. Reh1 Rg7 27. Ka1 Re8 28. Qc2 a6 29. Na4 Qe7 30. Nc5 Kf7 31. Bf1 Qc7 32. Nd3 Ke7 33. Ne5 Nf7 34. Bd3 Nxe5 35. dxe5 Ne6 36. a3 Kd8 37. hxg6 hxg6 38. Rh6 Qd7 39. Bxf5 gxf5 40. Qxf5 Kc7 41. Rh7 Ree7 42. g6 d4 43. exd4 Nxd4 44. Qf6 Nc2+ 45. Kb1 Nxa3+ 46. bxa3 Qd3+ 1/2-1/2

[Event "CRO-chT1A 28th"]
[Site "Mali Losinj"]
[Date "2019.09.28"]
[Round "1.35"]
[White "Filipovic, Marko"]
[Black "Jovanic, Ognjen"]
[Result "1/2-1/2"]
[WhiteElo "2349"]
[BlackElo "2532"]
[PlyCount "109"]
[EventDate "2019.09.28"]
[EventType "team-tourn"]
[EventRounds "9"]
[EventCountry "CRO"]
[SourceTitle "EXT 2020"]
[Source "ChessBase"]
[SourceDate "2019.10.17"]
[SourceVersion "1"]
[SourceVersionDate "2019.10.17"]
[SourceQuality "1"]
[WhiteTeam "Dakovo Limont"]
[BlackTeam "Rijeka Liburnija"]
[WhiteTeamCountry "CRO"]
[BlackTeamCountry "CRO"]

1. d4 d5 2. c4 c6 3. cxd5 cxd5 4. Nf3 Nc6 5. Nc3 Nf6 6. Bf4 a6 7. Rc1 Nh5 8. Bd2 Nf6 9. Bf4 Nh5 10. Bd2 e6 11. Ne5 Bd7 12. e3 Nf6 13. Bd3 Be7 14. 0-0 0-0 15. f4 g6 16. g4 Be8 17. g5 Nh5 18. Ne2 f6 19. gxf6 Bxf6 20. Ng3 Ng7 21. Qg4 Rc8 22. Bc3 Be7 23. a3 Nxe5 24. fxe5 Rxf1+ 25. Rxf1 Bb5 26. Bxb5 axb5 27. Qf3 Qf8 28. Qe2 Qe8 29. e4 Qc6 30. exd5 Qxd5 31. Qf3 Qxf3 32. Rxf3 Rd8 33. Ne2 Nf5 34. Rd3 Bg5 35. Ba5 Rc8 36. Rc3 Rc4 37. b3 Rxc3 38. Bxc3 Ne7 39. Kg2 Nd5 40. Ba5 Be7 41. Nc3 Nxc3 42. Bxc3 Bxa3 43. Kf3 h5 44. Bd2 Be7 45. Ke4 Kf7 46. d5 exd5+ 47. Kxd5 g5 48. h3 g4 49. hxg4 hxg4 50. Be1 Bg5 51. Bg3 Ke7 52. e6 Bf6 53. Bd6+ Ke8 54. Bg3 Ke7 55. Bd6+ 1/2-1/2

[Event "Mitropa Cup 38th"]
[Site "Radenci"]
[Date "2019.05.31"]
[Round "5.1"]
[White "Jovanic, Ognjen"]
[Black "Dragnev, Valentin"]
[Result "1/2-1/2"]
[WhiteElo "2511"]
[BlackElo "2521"]
[PlyCount "120"]
[EventDate "2019.05.27"]
[EventType "team-tourn"]
[EventRounds "9"]
[EventCountry "SLO"]
[SourceTitle "CBM 190 Extra"]
[Source "ChessBase"]
[SourceDate "2019.07.15"]
[SourceVersion "1"]
[SourceVersionDate "2019.07.15"]
[SourceQuality "1"]
[WhiteTeam "Croatia"]
[BlackTeam "Austria"]
[WhiteTeamCountry "CRO"]
[BlackTeamCountry "AUT"]

1. d4 Nf6 2. c4 e6 3. Nf3 d5 4. Nc3 c5 5. cxd5 Nxd5 6. e4 Nxc3 7. bxc3 cxd4 8. cxd4 Bb4+ 9. Bd2 Bxd2+ 10. Qxd2 0-0 11. Rc1 b6 12. Bd3 Bb7 13. 0-0 Nd7 14. Qf4 h6 15. h3 Rc8 16. Rxc8 Qxc8 17. Rc1 Qb8 18. Qxb8 Rxb8 19. Rc7 Nf6 20. Ne5 Bxe4 21. Bxe4 Nxe4 22. Rxa7 Rd8 23. Rxf7 Rxd4 24. Rb7 Ra4 25. Rb8+ Kh7 26. Rxb6 Rxa2 27. Nd3 Rd2 28. Rxe6 Rxd3 29. Rxe4 g5 30. g3 h5 31. Re6 Kg7 32. Kg2 Ra3 33. Re3 Ra2 34. Kf3 Kf6 35. Rd3 Rb2 36. Rd6+ Kg7 37. Ke3 Ra2 38. Rd7+ Kg6 39. Rd6+ Kg7 40. Rd2 Ra4 41. Rd4 Ra2 42. g4 hxg4 43. hxg4 Rb2 44. Rc4 Ra2 45. Rc7+ Kg6 46. Rc6+ Kg7 47. Rd6 Rb2 48. f3 Rb4 49. Rd7+ Kg6 50. Rd6+ Kg7 51. Rd4 Rb5 52. Rd7+ Kg6 53. Rd6+ Kg7 54. Ke4 Rb4+ 55. Rd4 Rb5 56. Rd5 Rb4+ 57. Rd4 Rb5 58. Rd7+ Kg6 59. Rd6+ Kg7 60. Re6 Rb4+ 1/2-1/2

[Event "CRO Cup"]
[Site "Mali Losinj"]
[Date "2019.05.19"]
[Round "6.13"]
[White "Jovanic, Ognjen"]
[Black "Golubovic, Boris"]
[Result "1/2-1/2"]
[WhiteElo "2511"]
[BlackElo "2389"]
[PlyCount "95"]
[EventDate "2019.05.15"]
[EventType "team-swiss"]
[EventRounds "6"]
[EventCountry "CRO"]
[SourceTitle "CBM 190 Extra"]
[Source "ChessBase"]
[SourceDate "2019.07.15"]
[SourceVersion "1"]
[SourceVersionDate "2019.07.15"]
[SourceQuality "1"]
[WhiteTeam "Rijeka Liburnija"]
[BlackTeam "Rijeka CC"]
[WhiteTeamCountry "CRO"]
[BlackTeamCountry "CRO"]

1. d4 Nf6 2. c4 e6 3. Nf3 Bb4+ 4. Bd2 Qe7 5. g3 a5 6. Bg2 d6 7. 0-0 Bxd2 8. Qxd2 0-0 9. Nc3 c6 10. e4 Rd8 11. Rad1 Na6 12. Rfe1 Ne8 13. e5 d5 14. Bf1 b6 15. Qe3 Nb4 16. Rc1 dxc4 17. Bxc4 Bb7 18. a3 Nd5 19. Nxd5 cxd5 20. Bd3 Rac8 21. Qd2 h6 22. Rxc8 Rxc8 23. Rc1 Rxc1+ 24. Qxc1 Qc7 25. Qxc7 Nxc7 26. Kf1 Kf8 27. Ke2 Ke7 28. Ke3 Bc6 29. Nd2 f6 30. exf6+ gxf6 31. f4 Ne8 32. g4 Nd6 33. h4 Bb5 34. Bc2 Kf7 35. b3 Kg7 36. Nf3 Be8 37. f5 exf5 38. Bxf5 Nxf5+ 39. gxf5 Bh5 40. Ne1 Kf7 41. Nd3 Ke7 42. Nf4 Bf7 43. Ne2 Kd6 44. Nc3 Be8 45. Kf4 Bh5 46. Kg3 Kc6 47. Kf4 Kd6 48. Kg3 1/2-1/2

[Event "CRO Cup"]
[Site "Mali Losinj"]
[Date "2019.05.18"]
[Round "5.23"]
[White "Jovanic, Ognjen"]
[Black "Sokac, Marko"]
[Result "1-0"]
[WhiteElo "2511"]
[BlackElo "2325"]
[PlyCount "61"]
[EventDate "2019.05.15"]
[EventType "team-swiss"]
[EventRounds "6"]
[EventCountry "CRO"]
[SourceTitle "CBM 190 Extra"]
[Source "ChessBase"]
[SourceDate "2019.07.15"]
[SourceVersion "1"]
[SourceVersionDate "2019.07.15"]
[SourceQuality "1"]
[WhiteTeam "Rijeka Liburnija"]
[BlackTeam "Novo Virje Konaki"]
[WhiteTeamCountry "CRO"]
[BlackTeamCountry "CRO"]

1. d4 d5 2. Nf3 Nf6 3. c4 e6 4. Nc3 Be7 5. Bg5 Nbd7 6. cxd5 exd5 7. e3 0-0 8. Bd3 c6 9. Qc2 Re8 10. 0-0 h6 11. Bf4 Nf8 12. Rab1 Nh5 13. Be5 f6 14. Bg3 Nxg3 15. hxg3 g5 16. Bg6 Kg7 17. Bxe8 Qxe8 18. e4 dxe4 19. Qxe4 Qf7 20. d5 Bd7 21. Rfe1 Bd6 22. dxc6 Bxc6 23. Qd3 Rd8 24. Nd4 Bc7 25. Rbd1 Kh8 26. Qe2 Re8 27. Qc2 Be5 28. Nxc6 bxc6 29. Ne4 Rc8 30. Nd6 Bxd6 31. Rxd6 1-0

[Event "Dublin Irish op"]
[Site "Dublin"]
[Date "2019.04.22"]
[Round "9"]
[White "Jovanic, Ognjen"]
[Black "Saric, Ante"]
[Result "1/2-1/2"]
[WhiteElo "2515"]
[BlackElo "2530"]
[PlyCount "45"]
[EventDate "2019.04.17"]
[EventType "swiss"]
[EventRounds "9"]
[EventCountry "IRL"]
[SourceTitle "CBM 189 Extra"]
[Source "ChessBase"]
[SourceDate "2019.06.03"]
[SourceVersion "1"]
[SourceVersionDate "2019.06.03"]
[SourceQuality "1"]

1. d4 e6 2. Nf3 Nf6 3. c4 Bb4+ 4. Bd2 Bxd2+ 5. Qxd2 d5 6. e3 0-0 7. Nc3 Qe7 8. Rc1 Rd8 9. Qc2 dxc4 10. Bxc4 c5 11. 0-0 cxd4 12. Nxd4 Bd7 13. Rfd1 Nc6 14. Nf3 Rac8 15. a3 Be8 16. Be2 h6 17. h3 Rxd1+ 18. Rxd1 Rd8 19. Rxd8 Qxd8 20. Qd3 Qxd3 21. Bxd3 Kf8 22. Kf1 Ke7 23. Ke2 1/2-1/2

[Event "Dublin Irish op"]
[Site "Dublin"]
[Date "2019.04.21"]
[Round "7"]
[White "Burg, Twan"]
[Black "Jovanic, Ognjen"]
[Result "1-0"]
[WhiteElo "2519"]
[BlackElo "2515"]
[PlyCount "157"]
[EventDate "2019.04.17"]
[EventType "swiss"]
[EventRounds "9"]
[EventCountry "IRL"]
[SourceTitle "CBM 189 Extra"]
[Source "ChessBase"]
[SourceDate "2019.06.03"]
[SourceVersion "1"]
[SourceVersionDate "2019.06.03"]
[SourceQuality "1"]

1. e4 c5 2. Nf3 e6 3. d4 cxd4 4. Nxd4 Nc6 5. Nc3 Qc7 6. Be2 Nf6 7. Be3 a6 8. 0-0 Bb4 9. Na4 Be7 10. Nxc6 bxc6 11. Nb6 Rb8 12. Nxc8 Qxc8 13. Bd4 c5 14. Be5 Rb6 15. Qd3 d6 16. Bc3 0-0 17. b3 d5 18. exd5 Nxd5 19. Be5 Rd8 20. Qg3 Bf6 21. Rfd1 Bxe5 22. Qxe5 Qb8 23. Qxb8 Rdxb8 24. Bf3 Nf6 25. Rd3 Kf8 26. Rad1 Ke7 27. h4 h6 28. g3 Rc8 29. Rc3 Rd6 30. Rxd6 Kxd6 31. Rc4 Rc7 32. Ra4 Ra7 33. Ra5 Nd5 34. a3 Kc6 35. b4 cxb4 36. axb4 Kb6 37. Bxd5 exd5 38. Rxd5 Rc7 39. h5 Rxc2 40. Rd4 g6 41. Rf4 gxh5 42. Rxf7 h4 43. gxh4 Kb5 44. Rb7+ Kc6 45. Rh7 Rc4 46. Rxh6+ Kd5 47. Rxa6 Rxb4 48. h5 Ke5 49. Kg2 Kf5 50. Ra5+ Kf6 51. Kg3 Rc4 52. h6 Kg6 53. Ra6+ Kf7 54. f4 Rc5 55. Kg4 Rb5 56. Ra7+ Kg8 57. f5 Rb1 58. Kg5 Rg1+ 59. Kf6 Rb1 60. Re7 Ra1 61. Rg7+ Kh8 62. Re7 Kg8 63. h7+ Kh8 64. Kf7 Ra6 65. Re6 Ra7+ 66. Kf6 Ra1 67. Kg6 Ra6 68. Kf7 Ra7+ 69. Re7 Ra6 70. Re3 Ra7+ 71. Kg6 Rg7+ 72. Kf6 Rg1 73. Ke7 Ra1 74. f6 Ra7+ 75. Kf8 Ra8+ 76. Kf7 Ra1 77. Rd3 Ra2 78. Kf8 Kxh7 79. f7 1-0